[Event "Abe Yanofsky mem U1600"]
[Site "Winnipeg CAN"]
[Date "2003.09.01"]
[Round "6"]
[White "Remillard, John"]
[Black "Tetrault, Claude"]
[Result "1/2-1/2"]
[WhiteElo "1533"]
[BlackElo "1465"]
[PlyCount "39"]
[EventDate "2003.08.29"]
[EventType "swiss"]
[EventRounds "6"]
[EventCountry "CAN"]

1. e4 c5 2. Nf3 d6 3. d4 cxd4 4. Nxd4 Nf6 5. Bb5+ Bd7 6. Bxd7+ Nbxd7 7. Nc3 g6
8. O-O Bg7 9. Re1 O-O 10. Nd5 Nc5 11. Nxf6+ Bxf6 12. Nf3 Rc8 13. Rb1 Bg7 14.
Bg5 Ne6 15. c3 Nxg5 16. Nxg5 e6 17. Nf3 Re8 18. e5 dxe5 19. Nxe5 Qxd1 20. Rbxd1
1/2-1/2

[Event "Abe Yanofsky mem U1600"]
[Site "Winnipeg CAN"]
[Date "2003.09.01"]
[Round "6"]
[White "Still, Graham"]
[Black "MacKinnon, Keith"]
[Result "1-0"]
[WhiteElo "1115"]
[BlackElo "1343"]
[PlyCount "83"]
[EventDate "2003.08.29"]
[EventType "swiss"]
[EventRounds "6"]
[EventCountry "CAN"]

1. d4 d5 2. c4 c6 3. Nc3 Nf6 4. Bg5 e6 5. e4 Be7 6. Bxf6 Bxf6 7. Nf3 Be7 8. a3
dxc4 9. Bxc4 c5 10. O-O Nc6 11. Bb5 Bd7 12. dxc5 Bxc5 13. Bxc6 Bxc6 14. Ne5 Qc7
15. Nxc6 Qxc6 16. Qa4 Qxa4 17. Nxa4 Be7 18. f4 O-O 19. Rac1 Rac8 20. g3 Rxc1
21. Rxc1 Bd6 22. Rd1 Bb8 23. Nc5 b6 24. Nd7 Rc8 25. Nxb8 Rxb8 26. Rd7 a5 27. a4
h6 28. Rd6 Kf8 29. h4 Ke7 30. e5 f6 31. g4 fxe5 32. fxe5 g5 33. h5 Rb7 34. Kf2
Rd7 35. Rxb6 Rd5 36. Rb5 Rxb5 37. axb5 Kd7 38. Ke3 Kc7 39. Kd4 Kb6 40. Kc4 Kb7
41. Kc5 Kc7 42. b3 1-0

[Event "Abe Yanofsky mem U1600"]
[Site "Winnipeg CAN"]
[Date "2003.09.01"]
[Round "6"]
[White "Syme, Michael"]
[Black "Kostadinova, Kremena"]
[Result "0-1"]
[WhiteElo "1313"]
[BlackElo "1329"]
[PlyCount "75"]
[EventDate "2003.08.29"]
[EventType "swiss"]
[EventRounds "6"]
[EventCountry "CAN"]

1. e4 c5 2. c4 d6 3. Nc3 e6 4. d3 Nf6 5. Be2 Nc6 6. Nf3 h6 7. Be3 d5 8. cxd5
exd5 9. exd5 Nxd5 10. d4 Nxe3 11. fxe3 cxd4 12. exd4 Bg4 13. d5 Bxf3 14. Bxf3
Ne5 15. O-O Qb6+ 16. Rf2 Bc5 17. Qa4+ Kf8 18. Raf1 Bxf2+ 19. Rxf2 Nd3 20. Qa3+
Kg8 21. Ne4 Nxf2 22. Nxf2 Re8 23. Kf1 Qa6+ 24. Qxa6 bxa6 25. Nd3 Kh7 26. Bg4
Rd8 27. Ne5 Rxd5 28. Nxf7 Re8 29. Kg1 Rf8 30. Bf3 Rd2 31. Ne5 Rxf3 32. Nxf3
Rxb2 33. Nd4 Rd2 34. Nb3 Rb2 35. Nc5 a5 36. Nd3 Rd2 37. Nc5 Rc2 38. Kf1 0-1

[Event "Abe Yanofsky mem U1600"]
[Site "Winnipeg CAN"]
[Date "2003.09.01"]
[Round "6"]
[White "Taylor, Jasper"]
[Black "Morris, Devin"]
[Result "1-0"]
[WhiteElo "1475"]
[BlackElo "958"]
[PlyCount "71"]
[EventDate "2003.08.29"]
[EventType "swiss"]
[EventRounds "6"]
[EventCountry "CAN"]

1. d4 d5 2. c4 dxc4 3. e3 b5 4. a4 b4 5. Bxc4 Bf5 6. Nf3 f6 7. Qb3 e6 8. Bxe6
Bxe6 9. Qxe6+ Be7 10. Bd2 a5 11. O-O Ra6 12. Qc4 Nh6 13. e4 g5 14. Be3 Ng4 15.
Qd3 O-O 16. Nbd2 Nxe3 17. Qxe3 Nc6 18. d5 Ne5 19. Nxe5 fxe5 20. Rac1 Qd7 21. b3
c5 22. Nc4 Rc8 23. Nxe5 Qd6 24. Nc4 Qd7 25. Rcd1 h6 26. Rfe1 Bf8 27. e5 Qf5 28.
e6 Be7 29. d6 Re8 30. dxe7 Rxe7 31. Rd7 Rexe6 32. Rd8+ Kf7 33. Qd2 Rxe1+ 34.
Qxe1 Re6 35. Qd1 Re7 36. Nd6+ 1-0

[Event "Abe Yanofsky mem U1600"]
[Site "Winnipeg CAN"]
[Date "2003.09.01"]
[Round "6"]
[White "Tetrault, Charles"]
[Black "Pierre, Rolland"]
[Result "1-0"]
[WhiteElo "1566"]
[BlackElo "1535"]
[PlyCount "71"]
[EventDate "2003.08.29"]
[EventType "swiss"]
[EventRounds "6"]
[EventCountry "CAN"]

1. e4 c5 2. Nf3 d6 3. d4 cxd4 4. Nxd4 Nf6 5. Nc3 g6 6. Be3 Bg7 7. Qd2 Nc6 8.
Be2 a6 9. f4 Ng4 10. Bxg4 Bxg4 11. h3 Bd7 12. g4 e5 13. Nxc6 Bxc6 14. O-O-O O-O
15. f5 Qh4 16. Bg5 Qg3 17. Rdf1 h6 18. Bxh6 Qh4 19. Bxg7 Kxg7 20. f6+ Kg8 21.
Qxd6 Qg5+ 22. Qd2 Qh4 23. Qf2 Qh8 24. g5 Rfd8 25. h4 Rd6 26. Qc5 Re6 27. Rd1
Rae8 28. Rd6 Qh5 29. Rxe6 Rxe6 30. Qc4 Qg4 31. Nd5 Qf3 32. Rd1 Re8 33. Ne7+ Kf8
34. Qc5 Qf4+ 35. Kb1 Bxe4 36. Nxg6+ 1-0

[Event "Abe Yanofsky mem U2000"]
[Site "Winnipeg CAN"]
[Date "2003.08.29"]
[Round "1"]
[White "Barkman, Daniel"]
[Black "Klokow, John"]
[Result "0-1"]
[WhiteElo "1609"]
[BlackElo "1750"]
[PlyCount "62"]
[EventDate "2003.08.29"]
[EventType "swiss"]
[EventRounds "6"]
[EventCountry "CAN"]

1. e4 e5 2. Nf3 Nc6 3. Bb5 a6 4. Ba4 Nf6 5. O-O b5 6. Bb3 Bc5 7. h3 Nxe4 8. Qe2
Ng3 9. Qe1 O-O 10. Nxe5 Nxf1 11. Kxf1 Nxe5 12. Qxe5 Qe7 13. Qxe7 Bxe7 14. Nc3
c6 15. d4 d5 16. a4 Bd7 17. axb5 axb5 18. Rxa8 Rxa8 19. Be3 Kf8 20. Ke2 g5 21.
g4 h5 22. gxh5 Bxh3 23. Kf3 Kg7 24. Nxd5 cxd5 25. Bxd5 Rh8 26. b3 b4 27. Bd2
Rxh5 28. Be4 f5 29. Bd3 g4+ 30. Kg3 Bh4+ 31. Kf4 Bg5+ 0-1

[Event "Abe Yanofsky mem U2000"]
[Site "Winnipeg CAN"]
[Date "2003.08.29"]
[Round "1"]
[White "Charter, Bennet"]
[Black "Boron, Anthony"]
[Result "0-1"]
[WhiteElo "1706"]
[BlackElo "1904"]
[PlyCount "176"]
[EventDate "2003.08.29"]
[EventType "swiss"]
[EventRounds "6"]
[EventCountry "CAN"]

1. e4 d5 2. exd5 Qxd5 3. Nc3 Qa5 4. d4 c6 5. Nf3 Nf6 6. Be2 Bf5 7. O-O e6 8. a3
Bd6 9. h3 h6 10. Bd3 Nbd7 11. Bxf5 Qxf5 12. Re1 O-O-O 13. Qe2 g5 14. Ne4 Bc7
15. Nh2 Nxe4 16. Qxe4 Qxe4 17. Rxe4 Nf6 18. Re1 Rxd4 19. Be3 Rdd8 20. c3 Bb6
21. Bxb6 axb6 22. Nf3 Rhf8 23. a4 Rd5 24. Ne5 Kc7 25. Rad1 Nd7 26. Rxd5 cxd5
27. Nxd7 Kxd7 28. Rd1 Rc8 29. Rd3 Ke7 30. g4 Rc4 31. b3 Re4 32. Kf1 Rf4 33. Kg2
f5 34. f3 fxg4 35. hxg4 Kf6 36. Rd1 Ke5 37. Rh1 Rf6 38. Rd1 Rf8 39. Rd4 Rf4 40.
Rd1 d4 41. cxd4+ Rxd4 42. Rh1 Kf4 43. Rxh6 Rd2+ 44. Kh3 Rd3 45. Rf6+ Ke5 46.
Rf7 Rxb3 47. Rxb7 Rxf3+ 48. Kg2 Ra3 49. Rxb6 Rxa4 50. Kg3 Ra3+ 51. Kf2 Rd3 52.
Ke2 Rd6 53. Rb5+ Kf4 54. Rb4+ Ke5 55. Rb5+ Rd5 56. Rb6 Rd4 57. Kf3 Rf4+ 58. Kg3
Rd4 59. Kf3 Rd3+ 60. Kf2 Kf4 61. Rb4+ Ke5 62. Rb6 Kf6 63. Ra6 Rd5 64. Kf3 Ke7
65. Ra7+ Kd6 66. Rg7 Re5 67. Rg6 Kd5 68. Rg7 Kd4 69. Rd7+ Rd5 70. Rg7 e5 71.
Ke2 e4 72. Rf7 Rc5 73. Rd7+ Ke5 74. Rf7 Rc2+ 75. Kd1 Rc5 76. Ke2 Kd4 77. Re7
Rc2+ 78. Kf1 Rh2 79. Rg7 Ke3 80. Rxg5 Kf3 81. Rh5 Ra2 82. Rh3+ Kxg4 83. Re3 Kf4
84. Re2 Ra1+ 85. Kf2 Ra3 86. Kf1 e3 87. Rc2 Kf3 88. Ke1 Ra1+ 0-1

[Event "Abe Yanofsky mem U2000"]
[Site "Winnipeg CAN"]
[Date "2003.08.29"]
[Round "1"]
[White "Conway, Edward J"]
[Black "Bince, Rolando"]
[Result "0-1"]
[WhiteElo "1654"]
[BlackElo "1858"]
[PlyCount "62"]
[EventDate "2003.08.29"]
[EventType "swiss"]
[EventRounds "6"]
[EventCountry "CAN"]

1. e4 e6 2. Nc3 c5 3. Nf3 Nc6 4. d4 cxd4 5. Nxd4 a6 6. Be3 Bb4 7. Qd2 Nf6 8. f3
Qc7 9. Be2 d5 10. Nxc6 bxc6 11. Qd4 c5 12. Qd2 d4 13. Bxd4 cxd4 14. Qxd4 Rb8
15. Bc4 O-O 16. O-O-O Bxc3 17. Qxc3 Bb7 18. h4 Rbc8 19. b3 a5 20. Qb2 Rfe8 21.
Rdg1 Qf4+ 22. Kb1 Nd7 23. Be2 Qd2 24. Re1 Bc6 25. g4 a4 26. Bd3 Nc5 27. Bc4
axb3 28. axb3 Rb8 29. Qe5 Na4 30. Bd3 Rxb3+ 31. cxb3 Nc3+ 0-1

[Event "Abe Yanofsky mem U2000"]
[Site "Winnipeg CAN"]
[Date "2003.08.29"]
[Round "1"]
[White "Curtis, Rory"]
[Black "Cowdrey, Eric"]
[Result "1-0"]
[WhiteElo "1652"]
[BlackElo "1773"]
[PlyCount "77"]
[EventDate "2003.08.29"]
[EventType "swiss"]
[EventRounds "6"]
[EventCountry "CAN"]

1. d4 d5 2. c4 e6 3. cxd5 exd5 4. Nc3 Nf6 5. Bg5 Be7 6. e3 O-O 7. Bd3 c6 8.
Nge2 Nbd7 9. Rc1 Re8 10. O-O Ne4 11. Bxe7 Qxe7 12. Nxe4 dxe4 13. Bc4 Nb6 14.
Bb3 Bg4 15. h3 Be6 16. Nf4 Bxb3 17. Qxb3 g5 18. Nh5 Nd5 19. a3 Kh8 20. Rce1 f5
21. f3 Rab8 22. fxe4 fxe4 23. Rf5 Rf8 24. Ref1 Rxf5 25. Rxf5 Rf8 26. Ng3 Rxf5
27. Nxf5 Qd7 28. g4 h5 29. Qc2 Nf6 30. Qc5 hxg4 31. Qf8+ Ng8 32. hxg4 b6 33.
Kg2 Kh7 34. Kg3 Qc7+ 35. Kh3 Kh8 36. Qe8 Qh7+ 37. Kg2 Qc7 38. Qh5+ Qh7 39. Qxg5
1-0

[Event "Abe Yanofsky mem U2000"]
[Site "Winnipeg CAN"]
[Date "2003.08.29"]
[Round "1"]
[White "Czarny, Keith"]
[Black "Jarmasz, Mark"]
[Result "0-1"]
[WhiteElo "1621"]
[BlackElo "1759"]
[PlyCount "52"]
[EventDate "2003.08.29"]
[EventType "swiss"]
[EventRounds "6"]
[EventCountry "CAN"]

1. Nf3 d5 2. g3 Nf6 3. Bg2 e6 4. O-O c5 5. d3 Be7 6. c4 Nc6 7. Nc3 d4 8. Nb5 a6
9. Na3 e5 10. Nc2 O-O 11. h3 Bd7 12. e3 Qc8 13. Kh2 h6 14. exd4 exd4 15. Re1
Bd6 16. Bd2 Bf5 17. Bc1 Qc7 18. Nh4 Bh7 19. Qf3 Ne5 20. Qxb7 Qxb7 21. Bxb7 Rab8
22. Bxa6 Nxd3 23. Rf1 Nxc1 24. Raxc1 Rxb2 25. Na1 Rxa2 26. Bb5 Bd3 0-1

[Event "Abe Yanofsky mem U2000"]
[Site "Winnipeg CAN"]
[Date "2003.08.29"]
[Round "1"]
[White "Czypinski, Jaroslaw"]
[Black "Magyar, Peter"]
[Result "1-0"]
[WhiteElo "1996"]
[BlackElo "1711"]
[PlyCount "81"]
[EventDate "2003.08.29"]
[EventType "swiss"]
[EventRounds "6"]
[EventCountry "CAN"]

1. e4 e6 2. b3 Nf6 3. Nc3 d5 4. e5 Nfd7 5. d4 c5 6. Nf3 cxd4 7. Nxd4 Nxe5 8.
Bb5+ Bd7 9. O-O Bxb5 10. Ncxb5 Nbd7 11. Kh1 Be7 12. f4 Nc6 13. Nxc6 bxc6 14.
Nd4 Bf6 15. Rb1 c5 16. Nf3 O-O 17. Bb2 Bxb2 18. Rxb2 Nf6 19. Ne5 Ne4 20. Qe1
Rc8 21. Rb1 Qb6 22. Nd7 Qb4 23. Nxf8 Kxf8 24. Qxb4 cxb4 25. Rbc1 Nc3 26. Ra1
Ne2 27. a3 Rxc2 28. axb4 d4 29. Rfd1 Rb2 30. Rxa7 Rxb3 31. g3 g5 32. fxg5 e5
33. Rf1 Nf4 34. gxf4 e4 35. b5 Rxb5 36. Ra4 Rd5 37. Rd1 f5 38. Raxd4 Ra5 39.
Rd5 Ra3 40. Rxf5+ Ke7 41. Re5+ 1-0

[Event "Abe Yanofsky mem U2000"]
[Site "Winnipeg CAN"]
[Date "2003.08.29"]
[Round "1"]
[White "Dean, Tim"]
[Black "Pua, Richard"]
[Result "1-0"]
[WhiteElo "1767"]
[BlackElo "1639"]
[PlyCount "59"]
[EventDate "2003.08.29"]
[EventType "swiss"]
[EventRounds "6"]
[EventCountry "CAN"]

1. e4 e5 2. Nf3 Nf6 3. Nxe5 d6 4. Nf3 Nxe4 5. d4 d5 6. Bd3 Bd6 7. Nbd2 Bf5 8.
O-O O-O 9. Re1 Re8 10. Bf1 Nc6 11. c4 Nb4 12. a3 Nxd2 13. Rxe8+ Qxe8 14. Bxd2
Nc2 15. Rc1 Qe4 16. Ng5 Qxd4 17. Rxc2 Bxc2 18. Qxc2 g6 19. cxd5 Re8 20. Bd3 Bc5
21. Bc3 Qxd5 22. Ne4 Re6 23. Nf6+ Rxf6 24. Bxf6 Qe6 25. Qxc5 Qxf6 26. Qxc7 Qxb2
27. Qb8+ Kg7 28. Qxa7 Qc1+ 29. Bf1 b5 30. Qd4+ 1-0

[Event "Abe Yanofsky mem U2000"]
[Site "Winnipeg CAN"]
[Date "2003.08.29"]
[Round "1"]
[White "Graham, Ken"]
[Black "Bist, Kent"]
[Result "1-0"]
[WhiteElo "1903"]
[BlackElo "1669"]
[PlyCount "43"]
[EventDate "2003.08.29"]
[EventType "swiss"]
[EventRounds "6"]
[EventCountry "CAN"]

1. e4 c5 2. d4 cxd4 3. c3 dxc3 4. Nxc3 Nc6 5. Nf3 d6 6. Bc4 g6 7. O-O Bg7 8.
Be3 Nf6 9. e5 dxe5 10. Qxd8+ Nxd8 11. Nxe5 Be6 12. Bb5+ Kf8 13. Rfd1 a6 14.
Nd7+ Nxd7 15. Bxd7 Bxd7 16. Rxd7 Nc6 17. Rad1 Be5 18. Nd5 e6 19. Nb6 Rb8 20.
Nc4 Kg7 21. Nxe5 Nxe5 22. Bd4 1-0

[Event "Abe Yanofsky mem U2000"]
[Site "Winnipeg CAN"]
[Date "2003.08.29"]
[Round "1"]
[White "Katona, John"]
[Black "Gannon, Keith"]
[Result "1-0"]
[WhiteElo "1757"]
[BlackElo "1615"]
[PlyCount "85"]
[EventDate "2003.08.29"]
[EventType "swiss"]
[EventRounds "6"]
[EventCountry "CAN"]

1. e4 d6 2. d4 Nf6 3. Nc3 g6 4. Nf3 Bg7 5. Bg5 Bg4 6. Be2 O-O 7. Qd2 c6 8.
O-O-O Nbd7 9. h3 Bxf3 10. Bxf3 Qc7 11. h4 Rfe8 12. h5 Nf8 13. hxg6 fxg6 14. Kb1
b5 15. e5 dxe5 16. dxe5 N6d7 17. Nxb5 Qxe5 18. Nc3 Qa5 19. Bxc6 Bxc3 20. Qxc3
Qxc3 21. bxc3 Rab8+ 22. Kc1 Rbd8 23. Rhe1 Kf7 24. Re3 h5 25. Red3 Nh7 26. Be3
Nhf6 27. Bxd7 Rxd7 28. Rxd7 Nxd7 29. Rxd7 Rc8 30. Rxa7 Rxc3 31. Bg5 Rc5 32.
Bxe7 Rf5 33. Bh4+ Ke6 34. Ra6+ Kf7 35. Rf6+ Rxf6 36. Bxf6 Kxf6 37. Kd2 g5 38.
f3 Kf5 39. Ke3 h4 40. a4 g4 41. fxg4+ Kxg4 42. Kf2 Kf4 43. a5 1-0

[Event "Abe Yanofsky mem U2000"]
[Site "Winnipeg CAN"]
[Date "2003.08.29"]
[Round "1"]
[White "Lafreniere, Adrian"]
[Black "Thompson, Brian"]
[Result "0-1"]
[WhiteElo "1787"]
[BlackElo "1864"]
[PlyCount "90"]
[EventDate "2003.08.29"]
[EventType "swiss"]
[EventRounds "6"]
[EventCountry "CAN"]

1. e4 e5 2. Nf3 Nf6 3. Nc3 Nc6 4. Bc4 Nxe4 5. Bxf7+ Kxf7 6. Nxe4 d5 7. Neg5+
Kg8 8. d3 h6 9. Nh3 Be7 10. Qe2 Bg4 11. Qe3 Bxf3 12. Qxf3 Nd4 13. Qd1 Kh7 14.
c3 Ne6 15. Qg4 Qd6 16. O-O Rhf8 17. Bd2 Rf6 18. Rae1 Raf8 19. Kh1 Nc5 20. Qg3
e4 21. Bf4 Rxf4 22. Nxf4 Qxf4 23. dxe4 Nxe4 24. Qd3 Qf5 25. Kg1 Bc5 26. Re2 Kh8
27. Qc2 Nxf2 28. Qxf5 Rxf5 29. Rfxf2 Rxf2 30. Rxf2 g6 31. Kf1 Bxf2 32. Kxf2 Kg7
33. Ke3 c5 34. a3 Kf6 35. b3 Ke5 36. g3 g5 37. Kd3 h5 38. Ke3 a5 39. Kd3 h4 40.
Ke3 hxg3 41. hxg3 d4+ 42. cxd4+ cxd4+ 43. Kd3 Kd5 44. b4 axb4 45. axb4 g4 0-1

[Event "Abe Yanofsky mem U2000"]
[Site "Winnipeg CAN"]
[Date "2003.08.29"]
[Round "1"]
[White "Milord, Frank"]
[Black "Clark, Jeff"]
[Result "0-1"]
[WhiteElo "1566"]
[BlackElo "1717"]
[PlyCount "92"]
[EventDate "2003.08.29"]
[EventType "swiss"]
[EventRounds "6"]
[EventCountry "CAN"]

1. e4 c6 2. d4 d5 3. Nd2 dxe4 4. Nxe4 Nd7 5. Bc4 e6 6. Nf3 Ngf6 7. Nxf6+ Nxf6
8. O-O Bd6 9. c3 O-O 10. Bg5 Be7 11. Re1 Nd5 12. Bxe7 Nxe7 13. Qe2 Ng6 14. Qe4
Qf6 15. Bd3 Qf4 16. Rad1 Qxe4 17. Bxe4 Ne7 18. c4 Rd8 19. Ne5 f6 20. Nf3 Rb8
21. Bd3 g6 22. h3 Kf7 23. g4 g5 24. Re3 h6 25. b3 b5 26. cxb5 cxb5 27. Be4 Nd5
28. Bxd5 Rxd5 29. Rc1 Rd7 30. Rec3 Bb7 31. Rc7 Rbd8 32. Kg2 Ke8 33. Kg3 Rxc7
34. Rxc7 Rd7 35. Rxd7 Kxd7 36. Ng1 Be4 37. Ne2 b4 38. f3 Bb1 39. Nc1 Kd6 40.
Kf2 Kd5 41. Ke3 a6 42. Nd3 a5 43. Nc1 f5 44. f4 fxg4 45. hxg4 gxf4+ 46. Kxf4
Kxd4 0-1

[Event "Abe Yanofsky mem U2000"]
[Site "Winnipeg CAN"]
[Date "2003.08.29"]
[Round "1"]
[White "Proulx, Roy"]
[Black "Baser, John"]
[Result "1/2-1/2"]
[WhiteElo "1664"]
[BlackElo "1891"]
[PlyCount "53"]
[EventDate "2003.08.29"]
[EventType "swiss"]
[EventRounds "6"]
[EventCountry "CAN"]

1. e4 c5 2. Nf3 d6 3. d4 cxd4 4. Nxd4 Nf6 5. Nc3 a6 6. Bg5 e6 7. f4 Be7 8. Qf3
Qc7 9. O-O-O Nbd7 10. Bd3 Rb8 11. g4 b5 12. Rhe1 b4 13. Nd5 exd5 14. exd5 Nc5
15. Nc6 Ne6 16. Nxb8 Qxb8 17. dxe6 fxe6 18. Bxf6 Bxf6 19. Qc6+ Kf7 20. Bxa6 b3
21. axb3 Bxa6 22. Qxa6 Rd8 23. g5 Be7 24. Qe2 Qc8 25. h4 Qd7 26. Qe4 d5 27. f5
1/2-1/2

[Event "Abe Yanofsky mem U2000"]
[Site "Winnipeg CAN"]
[Date "2003.08.29"]
[Round "1"]
[White "Shome, Devarshi"]
[Black "Bays, Derek"]
[Result "1-0"]
[WhiteElo "1689"]
[BlackElo "1529"]
[PlyCount "69"]
[EventDate "2003.08.29"]
[EventType "swiss"]
[EventRounds "6"]
[EventCountry "CAN"]

1. e4 c5 2. Nf3 Nc6 3. d4 cxd4 4. Nxd4 e6 5. a3 Nf6 6. Nc3 a6 7. Be2 b5 8. Bg5
Be7 9. Qd2 Qc7 10. O-O O-O 11. Kh1 Bb7 12. f4 Nxd4 13. Qxd4 d5 14. e5 Bc5 15.
Qd3 Ne4 16. Nxe4 dxe4 17. Qg3 Kh8 18. Rad1 Be7 19. Bxe7 Qxe7 20. c4 bxc4 21.
Bxc4 Rad8 22. Qb3 Rb8 23. Rd6 e3 24. Qxe3 Qc7 25. b3 Qa5 26. a4 Qb4 27. Rfd1
Qa3 28. Qe2 Qc5 29. Bxa6 Qa7 30. Bxb7 Qxb7 31. Rb1 Rfc8 32. Qd3 Qc7 33. b4 Qc1+
34. Rxc1 Rxc1+ 35. Qd1 1-0

[Event "Abe Yanofsky mem U2000"]
[Site "Winnipeg CAN"]
[Date "2003.08.29"]
[Round "1"]
[White "Strub, Michael"]
[Black "Baglien, Brandon"]
[Result "1-0"]
[WhiteElo "1767"]
[BlackElo "1645"]
[PlyCount "59"]
[EventDate "2003.08.29"]
[EventType "swiss"]
[EventRounds "6"]
[EventCountry "CAN"]

1. d4 Nf6 2. c4 g6 3. g3 Bg7 4. Bg2 d6 5. e4 O-O 6. Ne2 e5 7. O-O Qe8 8. d5
Nbd7 9. Nbc3 a6 10. h3 Nb6 11. Qb3 Nh5 12. Be3 Qd8 13. Bxb6 cxb6 14. Na4 b5 15.
cxb5 axb5 16. Nac3 f5 17. Nxb5 fxe4 18. g4 Nf4 19. Nxf4 Rxf4 20. Rae1 h5 21.
gxh5 gxh5 22. Rxe4 Rxe4 23. Bxe4 Qh4 24. Bg2 Ra6 25. Rc1 Bd7 26. Nc7 Ra4 27.
Ne6 Bh8 28. Rc7 Rb4 29. Qc2 Bxe6 30. Qg6+ 1-0

[Event "Abe Yanofsky mem U2000"]
[Site "Winnipeg CAN"]
[Date "2003.08.29"]
[Round "1"]
[White "Zaczek, Jonathan"]
[Black "Rutter, Blair"]
[Result "1-0"]
[WhiteElo "1658"]
[BlackElo "1751"]
[PlyCount "79"]
[EventDate "2003.08.29"]
[EventType "swiss"]
[EventRounds "6"]
[EventCountry "CAN"]

1. e4 e6 2. d4 d5 3. Nc3 Nf6 4. Bg5 Be7 5. e5 Nfd7 6. Bxe7 Qxe7 7. Bd3 c5 8.
Nb5 Nb6 9. Nd6+ Kf8 10. dxc5 N6d7 11. Nxc8 Qxc5 12. Nd6 Nxe5 13. Nb5 a6 14. Nc3
b5 15. a3 Nbc6 16. Nf3 Ng4 17. O-O e5 18. Nd2 h5 19. Nb3 Qd6 20. Bf5 Nf6 21.
Qd3 Rh6 22. Rad1 Rd8 23. Qe2 g6 24. Qd2 Kg7 25. Ne4 Nxe4 26. Bxe4 Qc7 27. Qc3
g5 28. Rxd5 Qb8 29. Rxd8 Nxd8 30. Rd1 Ne6 31. Rd5 Kf6 32. Nc5 Ke7 33. Qxe5 Qb6
34. Nxe6 Rxe6 35. Qxg5+ Ke8 36. Re5 Qd6 37. Rxe6+ Qxe6 38. Qd5 Qg4 39. Bf5 Qf4
40. Qe4+ 1-0

[Event "Abe Yanofsky mem U2000"]
[Site "Winnipeg CAN"]
[Date "2003.08.29"]
[Round "2"]
[White "Baglien, Brandon"]
[Black "Lafreniere, Adrian"]
[Result "0-1"]
[WhiteElo "1645"]
[BlackElo "1787"]
[PlyCount "82"]
[EventDate "2003.08.29"]
[EventType "swiss"]
[EventRounds "6"]
[EventCountry "CAN"]

1. e4 e6 2. d4 d5 3. Nc3 Bb4 4. e5 c5 5. a3 Bxc3+ 6. bxc3 Nc6 7. Nf3 h6 8. Be3
c4 9. Be2 Nge7 10. Qb1 Qa5 11. Qb2 Nf5 12. Bd2 Rb8 13. O-O Bd7 14. a4 O-O 15.
Rfb1 Qd8 16. Qa3 f6 17. g4 Nfe7 18. Bf4 Ng6 19. Bg3 fxe5 20. dxe5 Nf4 21. Bxf4
Rxf4 22. h3 Re4 23. Re1 Nxe5 24. Nd2 Rf4 25. Qd6 Ng6 26. Bf3 Kh7 27. h4 Rf7 28.
h5 Nh4 29. Re3 Rc8 30. Qg3 Qg5 31. Be2 Rcf8 32. Rf1 Rf4 33. Kh2 e5 34. Kh3 Nf5
35. gxf5 Bxf5+ 36. Kh2 Rh4+ 37. Kg1 Bg4 38. f3 Qxe3+ 39. Kg2 Bh3+ 40. Kh2 Bxf1+
41. Qxh4 Qxe2+ 0-1

[Event "Abe Yanofsky mem U2000"]
[Site "Winnipeg CAN"]
[Date "2003.08.29"]
[Round "2"]
[White "Baser, John"]
[Black "MacPherson, Al"]
[Result "1-0"]
[WhiteElo "1606"]
[BlackElo "1891"]
[PlyCount "75"]
[EventDate "2003.08.29"]
[EventType "swiss"]
[EventRounds "6"]
[EventCountry "CAN"]

1. e4 c5 2. Nc3 d6 3. d3 Nf6 4. f4 e6 5. Nf3 Nc6 6. g3 Be7 7. Bg2 O-O 8. O-O
Rb8 9. Kh1 b5 10. Be3 a5 11. h3 Ba6 12. Ne2 Ne8 13. d4 cxd4 14. Nexd4 Nxd4 15.
Nxd4 Qc7 16. f5 e5 17. Nf3 Rc8 18. Rf2 Nf6 19. Nh2 Bb7 20. Qd3 Qc4 21. b3 Qc6
22. Kg1 b4 23. Rd1 Ba6 24. Qd2 Nxe4 25. Bxe4 Qxe4 26. f6 Bxf6 27. Rxf6 gxf6 28.
Ng4 Qc6 29. Nxf6+ Kh8 30. Qf2 Bb7 31. Kh2 Qxc2 32. Rd2 Qc6 33. Rd1 Qc2 34. Rd2
Qg6 35. h4 Rc1 36. Nd5 Qe4 37. Qf6+ Kg8 38. Ne7# 1-0

[Event "Abe Yanofsky mem U2000"]
[Site "Winnipeg CAN"]
[Date "2003.08.29"]
[Round "2"]
[White "Bince, Rolando"]
[Black "Shome, Devarshi"]
[Result "1-0"]
[WhiteElo "1858"]
[BlackElo "1689"]
[PlyCount "53"]
[EventDate "2003.08.29"]
[EventType "swiss"]
[EventRounds "6"]
[EventCountry "CAN"]

1. c4 c5 2. Nc3 Nc6 3. g3 g6 4. Bg2 Bg7 5. Nf3 e5 6. d3 Nge7 7. O-O O-O 8. e4
d6 9. Nd5 Nxd5 10. cxd5 Nd4 11. Nxd4 cxd4 12. f4 f5 13. fxe5 dxe5 14. Qb3 Kh8
15. Bd2 fxe4 16. Rxf8+ Bxf8 17. dxe4 b6 18. Rf1 Ba6 19. Rf7 Qe8 20. Qf3 Bg7 21.
Bh3 Bc8 22. Bxc8 Qxc8 23. Bg5 Qc2 24. Rxg7 Kxg7 25. Qf6+ Kg8 26. Qe6+ Kf8 27.
Bh6# 1-0

[Event "Abe Yanofsky mem U2000"]
[Site "Winnipeg CAN"]
[Date "2003.08.29"]
[Round "2"]
[White "Boron, Anthony"]
[Black "Klokow, John"]
[Result "1/2-1/2"]
[WhiteElo "1904"]
[BlackElo "1761"]
[PlyCount "72"]
[EventDate "2003.08.29"]
[EventType "swiss"]
[EventRounds "6"]
[EventCountry "CAN"]

1. d4 Nf6 2. Bg5 Ne4 3. Bf4 c5 4. f3 Qa5+ 5. c3 Nf6 6. d5 d6 7. e4 g6 8. Bd3
Bg7 9. Ne2 O-O 10. Qd2 Nbd7 11. Na3 Nh5 12. Bh6 Ne5 13. Bxg7 Nxd3+ 14. Qxd3
Nxg7 15. g4 Bd7 16. Qd2 b5 17. h4 h5 18. gxh5 Nxh5 19. Rg1 Kh7 20. Nf4 Nxf4 21.
Qxf4 e5 22. Qf6 Qd8 23. Qg5 Qxg5 24. hxg5 Kg7 25. Kd2 Rh8 26. Rg2 Rh3 27. Ke3
Rah8 28. c4 a6 29. b3 Rh1 30. Rxh1 Rxh1 31. cxb5 axb5 32. Kf2 Ra1 33. Kg3 Rc1
34. Rc2 Rg1+ 35. Rg2 Rc1 36. Rc2 Rg1+ 1/2-1/2

[Event "Abe Yanofsky mem U2000"]
[Site "Winnipeg CAN"]
[Date "2003.08.29"]
[Round "2"]
[White "Clory, Ron"]
[Black "Wasney, Mark"]
[Result "0-1"]
[WhiteElo "1673"]
[BlackElo "1719"]
[PlyCount "96"]
[EventDate "2003.08.29"]
[EventType "swiss"]
[EventRounds "6"]
[EventCountry "CAN"]

1. Nf3 c5 2. d3 d5 3. g3 Nf6 4. Bg2 g6 5. O-O Bg7 6. Nbd2 O-O 7. Re1 Nc6 8. e4
Re8 9. exd5 Nxd5 10. a3 e5 11. Nc4 Rb8 12. Bg5 f6 13. Bd2 Be6 14. Qc1 Qc7 15.
Ne3 Nde7 16. Bc3 Nd4 17. Nd2 Bd7 18. Bxd4 cxd4 19. Nd5 Nxd5 20. Bxd5+ Be6 21.
Bxe6+ Rxe6 22. c4 dxc3 23. Qxc3 Qxc3 24. bxc3 Rd6 25. d4 exd4 26. Ne4 Rd7 27.
Nc5 Rd5 28. cxd4 f5 29. Ne6 Bf6 30. Rad1 Kf7 31. Rc1 Re8 32. Rc7+ Re7 33. Nf4
Rdd7 34. Rxe7+ Rxe7 35. Rxe7+ Bxe7 36. a4 Bd6 37. Ne2 Ke6 38. f4 Kd5 39. Nc3+
Kc6 40. Nb5 a6 41. Nxd6 Kxd6 42. Kf2 Kd5 43. Ke3 b5 44. a5 Kc4 45. d5 Kxd5 46.
Kd3 b4 47. h3 h5 48. h4 Kc5 0-1

[Event "Abe Yanofsky mem U2000"]
[Site "Winnipeg CAN"]
[Date "2003.08.29"]
[Round "2"]
[White "Cowdrey, Eric"]
[Black "Pua, Richard"]
[Result "1/2-1/2"]
[WhiteElo "1773"]
[BlackElo "1639"]
[PlyCount "56"]
[EventDate "2003.08.29"]
[EventType "swiss"]
[EventRounds "6"]
[EventCountry "CAN"]

1. d4 Nf6 2. c4 e6 3. Nf3 b6 4. g3 Bb7 5. Bg2 Bb4+ 6. Bd2 Qe7 7. a3 Bxd2+ 8.
Nbxd2 c5 9. e3 cxd4 10. exd4 d5 11. O-O O-O 12. Re1 dxc4 13. Nxc4 Nd5 14. Rc1
Nd7 15. Ne3 Nxe3 16. fxe3 Nf6 17. Ne5 Bxg2 18. Kxg2 Qb7+ 19. Qf3 Qxf3+ 20. Kxf3
Rac8 21. Nc6 Rc7 22. Rc2 Re8 23. Rec1 Kf8 24. Ne5 Rxc2 25. Rxc2 Ng8 26. Rc7 Re7
27. Rc8+ Re8 28. Rc7 Re7 1/2-1/2